000 00489nmm a2200169Ia 4500
008 251105s9999||||xx |||||||||||||||||und||
020 _a9788413600956
041 _abaq
100 _aLinazasoro Izagirre, Karlos
245 0 _aEsaten dugun argia
264 _a[Madrid, España] :
_bElkar,
_c[Fecha de publicación no identificada]
300 _a168 páginas
490 _aPoesia
650 _aSpanish poetry
856 _uhttps://public.digitaliapublishing.com/a/100237
942 _cCF
999 _c76437
_d76437